000 00298nam a22001337a 4500
008 210505b ||||| |||| 00| 0 eng d
041 _aeng
080 _a615.83
082 _a615.83
100 _a8
101 _aEGZ
245 _aUniversiteti Sportiv i Tiranes 1958-2018
_cUST
942 _2udc
_cBK
999 _c57073
_d57073